000 00417nam a2200145Ia 4500
008 230917s9999||||xx |||||||||||||| ||und||
040 _e207269
_aMAIN
041 _aEnglish
082 _a340 S64S
100 _aVed Pal Singh
245 0 _aStudy of problems, practices of court martial proceedings and power of judcial review in India
260 _aRohtak
_bM.D.University
_c2010
300 _a439 p.
942 _cTH
999 _c125314
_d125314